000 00922nam a2200229Ia 4500
003 Ost
005 20260507075352.0
008 260507s9999||||xx |||||||||||||| ||und||
020 _a4047379977
040 _cfsecg
041 _aara
082 _a330
100 _aأبوالعلا، يسرى محمد
_eمؤلف
245 0 _aإستراتيجية الإعلام والتنمية /
_c يسرى محمد أبوالعلا
260 _aالإسكندرية:
_bدارالفكرالجامي,
_c2008
300 _a118 صفحة؛
_bإيضاحات ؛
_c24 سم
520 _aالإعلام والتنمية- تأثير تكنولوجيا المعلومات والاتصال- الطابع الدولى للاقتصاد- غاية النظام الاعلامى الجديد
653 _aالإعلام - الإعلان
653 _aالتنمية
653 _aتكنولوجيا المعلومات
942 _cكتاب
999 _c44144
_d44144